<?xml version="1.0" encoding="UTF-8"?>
<record
    xmlns:xsi="http://www.w3.org/2001/XMLSchema-instance"
    xsi:schemaLocation="http://www.loc.gov/MARC21/slim http://www.loc.gov/standards/marcxml/schema/MARC21slim.xsd"
    xmlns="http://www.loc.gov/MARC21/slim">

  <leader>03033cam a22004694i 4500</leader>
  <controlfield tag="003">PE-LiUPU</controlfield>
  <controlfield tag="005">20250731165439.0</controlfield>
  <controlfield tag="008">160606s2016    pe a   grm    000 0 spa d</controlfield>
  <datafield tag="035" ind1=" " ind2=" ">
    <subfield code="a">(Sirsi) a157055</subfield>
  </datafield>
  <datafield tag="040" ind1=" " ind2=" ">
    <subfield code="a">PE-LiUPU</subfield>
    <subfield code="b">spa</subfield>
    <subfield code="c">PE-LiUPU</subfield>
    <subfield code="e">rda</subfield>
  </datafield>
  <datafield tag="099" ind1=" " ind2=" ">
    <subfield code="a">TIAm 2</subfield>
    <subfield code="b">T75 2016</subfield>
  </datafield>
  <datafield tag="100" ind1="1" ind2=" ">
    <subfield code="a">Torres Ramos, Lidimed Kereine,</subfield>
    <subfield code="e">autor</subfield>
  </datafield>
  <datafield tag="245" ind1="1" ind2=" ">
    <subfield code="a">Determinaci&#xF3;n de la relaci&#xF3;n entre la huella de carbono y los conocimientos, actitudes y pr&#xE1;cticas de los estudiantes del nivel secundario y el personal del Colegio "Mi Jes&#xFA;s", mediante cuestionamientos sobre emisiones de gases de efecto invernadero /</subfield>
    <subfield code="x">Lidimed Kereine Torres Ramos.</subfield>
  </datafield>
  <datafield tag="264" ind1=" " ind2="0">
    <subfield code="c">2016.</subfield>
  </datafield>
  <datafield tag="300" ind1=" " ind2=" ">
    <subfield code="a">124 hojas : </subfield>
    <subfield code="b">ilustraciones;</subfield>
    <subfield code="c">30 cm</subfield>
  </datafield>
  <datafield tag="336" ind1=" " ind2=" ">
    <subfield code="a">text</subfield>
    <subfield code="2">rdacontent</subfield>
  </datafield>
  <datafield tag="337" ind1=" " ind2=" ">
    <subfield code="a">unmediated</subfield>
    <subfield code="2">rdamedia</subfield>
  </datafield>
  <datafield tag="338" ind1=" " ind2=" ">
    <subfield code="a">volume</subfield>
    <subfield code="2">rdacarrier</subfield>
  </datafield>
  <datafield tag="502" ind1=" " ind2=" ">
    <subfield code="a">Tesis</subfield>
    <subfield code="b">(Lic.) -- </subfield>
    <subfield code="c">Universidad Peruana Uni&#xF3;n,</subfield>
    <subfield code="d">2016.</subfield>
  </datafield>
  <datafield tag="504" ind1=" " ind2=" ">
    <subfield code="a">Incluye referencias</subfield>
  </datafield>
  <datafield tag="520" ind1="3" ind2=" ">
    <subfield code="a">El prop&#xF3;sito de esta investigaci&#xF3;n fue determinar la relaci&#xF3;n entre la huella de carbono y los conocimientos, actitudes y pr&#xE1;cticas de los estudiantes del nivel secundario y el personal del Colegio "Mi Jes&#xFA;s", mediante cuestionarios relacionados con las emisiones de gases de efecto invernadero. La investigaci&#xF3;n se realiz&#xF3; en tres partes: el c&#xE1;lculo de la huella de carbono del colegio, siguiendo la metodolog&#xED;a del protocolo de gases de efecto invernadero; la medici&#xF3;n de la huella de carbono en la poblaci&#xF3;n de estudio, a trav&#xE9;s de la calculadora de emisiones de Lib&#xE9;lula Gesti&#xF3;n en Cambio Clim&#xE1;tico y Comunicaci&#xF3;n, y la aplicaci&#xF3;n de una prueba de conocimientos, actitudes y pr&#xE1;cticas. Los resultados obtenidos mostraron que las emisiones, al a&#xF1;o, en el Colegio "Mi Jes&#xFA;s" fueron de 25.36 tCO2e y la emisi&#xF3;n promedio de la poblaci&#xF3;n en estudio fue de 2.18 tCO2e. Por &#xFA;ltimo, el an&#xE1;lisis de correlaci&#xF3;n mostr&#xF3; que existe una correlaci&#xF3;n negativa de -0.228 entre la huella de carbono y los conocimientos, actitudes y pr&#xE1;cticas de la poblaci&#xF3;n, es decir, cuando aumenta una de las variables, la otra empezar&#xE1; a disminuir. En conclusi&#xF3;n, de acuerdo al an&#xE1;lisis de correlaci&#xF3;n, existe una relaci&#xF3;n entre los conocimientos, actitudes y pr&#xE1;cticas y la huella de carbono, sin embargo, es una correlaci&#xF3;n d&#xE9;bil, debido a que el &#xED;ndice de Pearson se encuentra por debajo de 0.5.</subfield>
  </datafield>
  <datafield tag="526" ind1=" " ind2=" ">
    <subfield code="a">SEG44</subfield>
  </datafield>
  <datafield tag="526" ind1=" " ind2=" ">
    <subfield code="a">SEG26</subfield>
  </datafield>
  <datafield tag="526" ind1=" " ind2=" ">
    <subfield code="a">P151</subfield>
  </datafield>
  <datafield tag="526" ind1=" " ind2=" ">
    <subfield code="a">P150</subfield>
  </datafield>
  <datafield tag="526" ind1=" " ind2=" ">
    <subfield code="a">P149</subfield>
  </datafield>
  <datafield tag="526" ind1=" " ind2=" ">
    <subfield code="a">P146</subfield>
  </datafield>
  <datafield tag="526" ind1=" " ind2=" ">
    <subfield code="a">P145</subfield>
  </datafield>
  <datafield tag="526" ind1=" " ind2=" ">
    <subfield code="a">P126</subfield>
  </datafield>
  <datafield tag="526" ind1=" " ind2=" ">
    <subfield code="a">P125</subfield>
  </datafield>
  <datafield tag="526" ind1=" " ind2=" ">
    <subfield code="a">P92</subfield>
  </datafield>
  <datafield tag="526" ind1=" " ind2=" ">
    <subfield code="a">P75</subfield>
  </datafield>
  <datafield tag="526" ind1=" " ind2=" ">
    <subfield code="a">P74</subfield>
  </datafield>
  <datafield tag="526" ind1=" " ind2=" ">
    <subfield code="a">P27</subfield>
  </datafield>
  <datafield tag="526" ind1=" " ind2=" ">
    <subfield code="a">P15</subfield>
  </datafield>
  <datafield tag="650" ind1="0" ind2="4">
    <subfield code="a">Educaci&#xF3;n secundaria</subfield>
    <subfield code="x">Cambios clim&#xE1;ticos.</subfield>
  </datafield>
  <datafield tag="650" ind1="0" ind2="4">
    <subfield code="a">Cambios clim&#xE1;ticos</subfield>
    <subfield code="x">Conducta (Psicolog&#xED;a).</subfield>
  </datafield>
  <datafield tag="650" ind1="0" ind2="4">
    <subfield code="a">Gases de efecto invernadero</subfield>
    <subfield code="x">Conducta (Psicolog&#xED;a).</subfield>
  </datafield>
  <datafield tag="596" ind1=" " ind2=" ">
    <subfield code="a">1</subfield>
  </datafield>
  <datafield tag="942" ind1=" " ind2=" ">
    <subfield code="2">ddc</subfield>
    <subfield code="c">TESIS</subfield>
  </datafield>
  <datafield tag="999" ind1=" " ind2=" ">
    <subfield code="a">TIAM 2 T75 2015</subfield>
    <subfield code="w">ALPHANUM</subfield>
    <subfield code="c">9720</subfield>
    <subfield code="i">T01980</subfield>
    <subfield code="l">CCODEBUL3</subfield>
    <subfield code="m">BUL</subfield>
    <subfield code="r">1</subfield>
    <subfield code="s">Y</subfield>
    <subfield code="t">TESIS</subfield>
    <subfield code="u">2016-6-6</subfield>
    <subfield code="x">INGENIERIA</subfield>
    <subfield code="P">P24</subfield>
    <subfield code="o">.STAFF. Tesis</subfield>
    <subfield code="d">9720</subfield>
  </datafield>
  <datafield tag="980" ind1=" " ind2=" ">
    <subfield code="8">1</subfield>
    <subfield code="g">ALBERTO SANCHEZ Responsable de Automatizaci&#xF3;n</subfield>
  </datafield>
  <datafield tag="952" ind1=" " ind2=" ">
    <subfield code="r">2022-07-06 00:00:00</subfield>
    <subfield code="l">0</subfield>
    <subfield code="o">TIAM 2 T75 2015</subfield>
    <subfield code="p">T01980</subfield>
    <subfield code="t">e1</subfield>
    <subfield code="w">2016-06-06</subfield>
    <subfield code="x">FIA</subfield>
    <subfield code="y">TESIS</subfield>
    <subfield code="z">Este &#xCD;tem NO se presta por ser Ejemplar #1.</subfield>
    <subfield code="1">0</subfield>
    <subfield code="2">ddc</subfield>
    <subfield code="7">1</subfield>
    <subfield code="8">TESIS</subfield>
    <subfield code="f">P24</subfield>
    <subfield code="a">BUL</subfield>
    <subfield code="b">BUL</subfield>
    <subfield code="c">TESIS</subfield>
    <subfield code="d">2016-06-06</subfield>
  </datafield>
</record>
